| 000 | 01924nam a2200241Ia 4500 | ||
|---|---|---|---|
| 008 | 260220t1939||||xx |||||||||||||| ||spa|| | ||
| 040 |
_aPY-SlUNAC _bspa _erda |
||
| 041 | _aspa | ||
| 082 |
_a547.29 _bG589s |
||
| 100 |
_aGonzález Toriño, Hugo _eAutor |
||
| 245 | 0 |
_aSelección de levaduras vínicas puras especializadas en la producción de altas graduaciones alcohólicas / _cpor Hugo González Toriño [Autor] |
|
| 264 |
_aMontevideo : _bImprenta Augusta, _c℗1939. |
||
| 300 | _a1 volumen | ||
| 520 | _aEn "Selección de levaduras vínicas puras especializadas en la producción de altas graduaciones alcohólicas", Hugo González Toriño aborda la importancia de las levaduras en la vinificación, enfocándose en aquellas cepas que son capaces de fermentar a altas concentraciones de alcohol. El autor presenta un análisis exhaustivo de diferentes variedades de levaduras, sus características y su adaptación a condiciones específicas del proceso de elaboración del vino. A través de estudios de laboratorio y experiencias prácticas, Toriño demuestra cómo la selección adecuada de levaduras puede influir significativamente en el perfil organoléptico y en la calidad del producto final. Además, se discuten métodos de aislamiento y cultivo de estas levaduras, resaltando su potencial en la industria vitivinícola. El libro se convierte en una referencia esencial para enólogos, investigadores y productores, brindando herramientas valiosas para optimizar la producción de vinos de alta graduación alcohólica y mejorar la competitividad en el mercado. Su enfoque científico y práctico lo hace relevante en el contexto vitivinícola de la época. | ||
| 653 | _aFermentación | ||
| 653 | _aLevaduras | ||
| 653 | _aVinos | ||
| 942 |
_b2026/02/17 _cBK |
||
| 999 |
_c7950 _d7950 |
||